Knowledge and Innovation for Development : The Sisyphus Challenge of the 21st Century

Na minha lista:
Detalhes bibliográficos
Autor principal: Sagasti, Francisco (Author)
Formato: Livro
Idioma:inglês
Publicado em: Cheltenham : Edward Elgar, 2004
Tags: Adicionar Tag
Sem tags, seja o primeiro a adicionar uma tag!

MARC

LEADER 00000nam a22000003a 4500
001 stu231000
005 20150617230132.9
008 110711s2004----uk------------------eng-d
020 |a 1-84376-653-1 
040 |a STU  |b slo 
041 0 |a eng 
044 |a uk 
100 1 |a Sagasti, Francisco  |4 aut 
245 1 |a Knowledge and Innovation for Development :  |b The Sisyphus Challenge of the 21st Century 
260 |a Cheltenham :  |b Edward Elgar,  |c 2004 
300 |a 151 s 
996 |b 284M079980  |c M*13015-1  |l MMKN  |s A  |a 24  |w stu231000_0001